عرض عادي
عرض مارك
- Eliot, George,
مدخل إسم شخص
001 - رقم الضبط
- حقل الضبط: 8288
003 - معرف رقم الضبط
- حقل الضبط: OSt
005 - تاريخ ووقت أخر عملية
- حقل الضبط: 20111214103442.0
008 - عناصر بيانات ثابتة الطول
- حقل تحكم ثابت الطول: 111214|||a|||||| | ||| d
040 ## - مصدر الفهرسة
- هيئة الفهرسة الأصلية: OSt
- وكالة الكتابة: OSt
100 ## - مدخل -- أسم شخص
- إسم شخص: Eliot, George,
- تواريخ مرتبطة بالاسم: 1819-1880.
- عنوان العمل: Brother Jacob.
670 ## - بيانات المصدر موجوده
- الاستشهاد بالمصدر: Work cat.: (OSt)0: Eliot, George, 1819-1880. 6817, The Lifted Veil ;, [2009]
